| 000 | 01125nji a22002777a 4500 | ||
|---|---|---|---|
| 005 | 2010090900500.0 | ||
| 006 | a|||||r|||||00| 0 | ||
| 007 | sd ammalaaahaa | ||
| 008 | 100830t xxu||||| |||| 00| 0 eng d | ||
| 028 |
_aN.74628 _bHis Master's Voice |
||
| 035 | _aGR-01695 | ||
| 040 |
_aSED _cSED |
||
| 100 |
_917455 _aBhosle, Asha |
||
| 245 |
_aRam aur Shyam / _csung by Asha Bhosle, Mahendra Kapoor [and] Chorus; music dtn by Naushad; lyric by Shakeel Badayuni _h[sound recording] : |
||
| 246 | _aराम और श्याम / | ||
| 260 |
_aDum Dum, India _bHis Master's Voice _c1967 |
||
| 300 |
_a1 sound disc [Gramophone Recording]: _banalog, 33 1/3 rpm _c9.5 in. (MP) _fGramophone Record |
||
| 500 | _aBrief Record | ||
| 505 | _aधीरे धीरे बोल (Dheere dheere bolo) (Asha Bhosle, Mahendra Kapoor [and] Chorus) | ||
| 650 |
_aMotion Picture Music _zIndia _91186 _xExcerpts |
||
| 700 |
_aKapoor, Mahendra _919062 |
||
| 700 |
_aNaushad _919079 |
||
| 700 |
_aBadayuni, Shakeel _919159 |
||
| 942 |
_2ddc _cGR |
||
| 999 |
_c44911 _d44911 |
||